000 00464nam a2200169Ia 4500
003 LK-CoDNM
005 20240802111213.0
008 010623t1937 xxu||||| |||| 00| 1 eng d
040 _aLK-CoDNM
_dLK-CoDNM
_eLK-CoDNM
041 _aeng
080 _a8
_bQQ15
100 _aKrishnamachariar,M.
245 _aHistory of Classical Sanskrit Literature
260 _bTirumalai-Tirupati Devasthanams Press
_aMadras
_c1937
300 _bcxix, 1120p ; 21 cm
942 _cBK
999 _c98432
_d98432